00470nam a2200145Ia 4500008004100000020001800041041000800059082001300067100002300080245010700103250000600210260006500216300001200281650003100293210716s2018 xx 000 0 und d a9789352138029 aeng a729 PAVP aPavliscak, Pamela. aEmotionally intelligent design: rethinking how we create products.bRethinking how we create products. a1 aNew DelhibShroff Publishers and Distributors Pvt Ltdc2018 axii,269 aDesign and decoration(729)